000 01268nam a22003137a 4500
001 6502
003 FISKH
005 20250507102601.0
008 250507b cb ||||| |||| 00| 0 eng d
020 _a9781618103314
040 _aFISKH
_beng
_cFISKH
_dFISKH
050 _aM47885
082 _a823
100 _aMcKenzie, Precious
_d(1975-)
245 _aDisaster day /
_cBy Precious McKenzie ; Illustrated by Marc Mones
250 _aThis edition first published in 2013
260 _aShenzhen :
_bRourke,
_c2013
300 _a24 pages :
_bcolor illustrations ;
_c21 cm
490 _aBlue Reader
_vLevels 2-3
505 _aJ
520 _aJuvenile Fiction. Juvenile Literature. HTML:Darling and Lovey were two turtledoves in a class full of graceful eaglets. They could not fly as well and were made fun of by the other students. They practiced and practiced and slowly got better. A tornado threatens during flight school and due to their perseverance and always listening to their teacher, they lead the class safely through the storm.
521 8 _a430
_bLexile
521 8 _aJ
_bRaz-Plus
650 _2Fiction
_aHomeschool
650 _2Picture book
_aGrade 2-3
700 _aMones, Marc
_dillustrator
942 _2ddc
_cBK
_n0
999 _c6502
_d6502